| 000 | 00839 a2200217 4500 | ||
|---|---|---|---|
| 999 |
_c4437 _d4437 |
||
| 020 | _a0750708069 (alk. paper) | ||
| 020 | _a0750708050 (pbk.) | ||
| 050 | 0 | 0 | _aLB2900.5GOL |
| 100 | 1 |
_aGold, Anne. _eauthor |
|
| 245 | 1 | 0 |
_aReflecting on school management / _cAnne Gold and Jennifer Evans. |
| 264 |
_aLondon ; Philadelphia: _bFalmer Press, _c1998 |
||
| 300 |
_axii, 138 p. : _bill. |
||
| 440 | 0 | _aMaster classes in education series | |
| 500 | _aincludes index | ||
| 504 | _aIncludes bibliographical references and index. | ||
| 650 | 0 | _aSchool management and organization | |
| 700 | 1 |
_aEvans, Jennifer _q(Jennifer Mary) |
|
| 856 | 4 | 2 |
_3Publisher description _uhttp://www.loc.gov/catdir/enhancements/fy0652/99159183-d.html |
| 942 |
_2lcc _cBK _h2900.5 _iGOL _kLB |
||